000 01171nmm a2200313 a 4500
003 AR-BaBNM
005 20251128204010.0
008 207019s1970 ||||||||||||||000 | spa||
040 _cAR-BaBNM
110 2 _aAmerican Council on Education
245 1 0 _aAdministración de colegios y universidades
260 _aMéxico, D.F.
_bDiana
_c1970
300 0 _a327 p.
_btablas
500 0 _aContiene índice
500 1 _aEsta publicación ha sido preparada conjuntamente por la editorial y el Centro Regional de Ayuda Técnica, Agencia para el Desarrollo Internacional AID, Departamento de Estado del Gobierno de los Estados Unidos de América. El Centro es una organización dedi
504 _aBibliografía: p. 305-308
650 4 _aADMINISTRACION DE LA EDUCACION
650 4 _aADMINISTRACION UNIVERSITARIA
650 4 _aUNIVERSIDADES
650 4 _aEDIFICIOS ESCOLARES
653 0 _aGESTION EDUCATIVA
653 0 _aFINANCIAMIENTO EDUCATIVO
700 1 _aBracamonte, Mario
_etraductor
700 1 _aArce Rincón, Manuel
_esupervisión
700 1 _aWilson, Logan
_eprologuista
700 1 _aScheps, Clarence
_eprologuista
942 _cBK
998 _csilvi
999 _c5774
_d5774